000 00624nam a2200301Ia 4500
005 20260401122412.0
008 008 250103s9999 xx 000 0 eng d
020 _a9780140263619
037 _aTB
040 _aEDL
040 _beng
040 _cEDL
041 _2eng
041 _aeng
084 _a813 CAO
084 _qEDL
100 _aLancao
_91233501
245 0 _aMonkey Bridge:Novel
245 0 _cLancao
260 _aNew York
260 _bPenguin Books
260 _c1997
300 _a260p
942 _cTB
942 _h813 CAO
999 _c1847039
_d1847039